000 00561nam a2200229Ia 4500
003 OSt
005 20221005121924.0
006 a|||||r|||| 00| 0
007 ta
008 221004b |||||||| |||| 00| 0 eng d
024 _a59901
037 _cTextual
040 _aCRL
_cCRL
_beng
041 _2eng
_aeng
082 _aV2:28:M8, B5
100 _aDigby William
245 0 _aIndia for the Indias and for England
260 _c1885
650 _aHISTORY
942 _hV2:28:M8, B5
_cTEXL
_2cc
999 _c1042708
_d1042708